[Event "Titled Tuesday 23rd Feb"]
[Site "chess.com INT"]
[Date "2021.02.23"]
[Round "2"]
[White "Nakamura,Hi"]
[Black "Kwon,Sehyun"]
[Result "1-0"]
[WhiteElo "2736"]
[BlackElo "2195"]

1.e4 Nf6 2.e5 Nd5 3.d4 d6 4.Nf3 g6 5.Bc4 Nb6 6.Bb3 Bg7 7.Qe2 O-O 8.h3 c5
9.dxc5 dxc5 10.c3 Bf5 11.Bf4 Bd3 12.Qd1 Nc6 13.Na3 Ba6 14.Qxd8 Raxd8 15.Rd1 Rxd1+
16.Kxd1 Rd8+ 17.Kc1 Be2 18.Bd1 Rxd1+ 19.Rxd1 Bxd1 20.Kxd1 Nd7 21.Nc4 b5 22.e6 fxe6
23.Ncd2 e5 24.Be3 h6 25.b3 Kf7 26.Ne4 c4 27.bxc4 bxc4 28.Nfd2 Ke6 29.Nxc4 Kd5
30.Ncd2 a6 31.Kc2 Nf6 32.c4+ Ke6 33.Nc5+ Kd6 34.Nxa6 Nd4+ 35.Bxd4 exd4 36.Nb4 Nd7
37.Nd3 e5 38.Ne4+ Kc6 39.Kb3 Nb8 40.Nb4+ Kd7 41.c5 Bf8 42.Kc4 Nc6 43.Nd3 Ke6
44.f3 Na5+ 45.Kb5 Nb7 46.c6 Nd6+ 47.Nxd6 Kxd6 48.Kb6  1-0

[Event "Titled Tuesday 23rd Feb"]
[Site "chess.com INT"]
[Date "2021.02.23"]
[Round "3"]
[White "Samadov,Read"]
[Black "Nakamura,Hi"]
[Result "0-1"]
[WhiteElo "2332"]
[BlackElo "2736"]

1.d4 g6 2.c4 Bg7 3.Nc3 c5 4.d5 Bxc3+ 5.bxc3 Qa5 6.h4 Qxc3+ 7.Bd2 Qxc4 8.h5 Nf6
9.hxg6 fxg6 10.d6 exd6 11.Rc1 Qe6 12.Nf3 b6 13.Bc3 Qe7 14.Qa4 d5 15.Qh4 Rf8
16.e3 Nc6 17.Be2 Bb7 18.O-O O-O-O 19.Bb5 Rde8 20.Qa4 Ne4 21.Bb2 Kb8 22.Rfd1 Rf5
23.Rc2 g5 24.Ne1 g4  0-1

[Event "Titled Tuesday 23rd Feb"]
[Site "chess.com INT"]
[Date "2021.02.23"]
[Round "4"]
[White "Nakamura,Hi"]
[Black "Pichot,A"]
[Result "1-0"]
[WhiteElo "2736"]
[BlackElo "2630"]

1.e4 c5 2.Nf3 Nc6 3.c3 d5 4.exd5 Qxd5 5.Na3 g6 6.d4 Bg7 7.Nb5 Qe4+ 8.Be2 cxd4
9.Nc7+ Kf8 10.Nxa8 dxc3 11.bxc3 Bxc3+ 12.Bd2 Bxa1 13.Qxa1 Nf6 14.Bh6+ Ke8
15.Qb2 Qb4+ 16.Qxb4 Nxb4 17.O-O Nfd5 18.Rd1 Be6 19.a3 Nc6 20.Bc4  1-0

[Event "Titled Tuesday 23rd Feb"]
[Site "chess.com INT"]
[Date "2021.02.23"]
[Round "5"]
[White "Demchenko,A"]
[Black "Nakamura,Hi"]
[Result "1/2-1/2"]
[WhiteElo "2610"]
[BlackElo "2736"]

1.e4 e5 2.Nf3 Nc6 3.Bc4 Bc5 4.d3 Nf6 5.Bg5 d6 6.c3 a6 7.Nbd2 h6 8.Bh4 Be6
9.a4 Ba7 10.b4 g5 11.Bg3 O-O 12.O-O Kg7 13.Re1 Nh7 14.b5 Ne7 15.d4 exd4 16.Nxd4 Bxd4
17.cxd4 Bxc4 18.Nxc4 f5 19.f3 axb5 20.axb5 Rxa1 21.Qxa1 b6 22.d5+ Kg8 23.Bf2 fxe4
24.fxe4 Ng6 25.Ne3 Qf6 26.Nf5 Qxa1 27.Rxa1 Nf6 28.Ra4 Re8 29.Nxh6+ Kh7 30.Nf7 g4
31.Ng5+ Kg8 32.Ne6 Nf8 33.Nxc7 Rc8 34.Bxb6 N8d7 35.Ba5 Nc5 36.Rc4 Nfxe4 37.b6 Nf6
38.Bb4 Ncd7 39.Bxd6 Nxb6 40.Rf4 Nbd7 41.Kf2 Rb8 42.Kg3 Nh5+ 43.Kxg4 Nxf4
44.Bxf4 Rb2 45.Kf3 Rb3+ 46.Kg4 Rb2 47.Kf3 Kf7 48.h4 Nf6 49.d6 Rb3+ 50.Ke2 Rb2+
51.Kf3 Rb3+ 52.Ke2 Rb2+ 53.Kf3  1/2-1/2

[Event "Titled Tuesday 23rd Feb"]
[Site "chess.com INT"]
[Date "2021.02.23"]
[Round "6"]
[White "Nakamura,Hi"]
[Black "Zhalmakhanov,Ramazan"]
[Result "0-1"]
[WhiteElo "2736"]
[BlackElo "2420"]

1.e4 Nf6 2.e5 Nd5 3.Bc4 Nb6 4.Bb3 d5 5.d4 Bf5 6.c3 e6 7.Ne2 c5 8.Nd2 Nc6
9.Nf3 Be7 10.Be3 cxd4 11.Nexd4 Bg6 12.O-O O-O 13.Re1 Rc8 14.Qe2 Nc4 15.Nxc6 Rxc6
16.Nd4 Rc8 17.Bf4 Qb6 18.Bxc4 dxc4 19.f3 Rfd8 20.Be3 Qa5 21.Bf2 Bg5 22.g3 Bd3
23.Qd1 Qd5 24.b4 a5 25.b5 a4 26.a3 Be7 27.Ra2 Ra8 28.f4 Ra5 29.Nc2 Qxb5 30.Nb4 Bxb4
31.cxb4 Raa8 32.Bc5 c3 33.Bd6 Qc4 34.Rf2 Rac8 35.Re3 c2 36.Qc1 Be4 37.Rfe2 Bd5
38.Kf2 Rc6 39.Rd2 Rdc8 40.Ke1 Qa2 41.Rdd3 b6 42.Kd2 h6 43.g4 Qc4 44.f5 Qxg4
45.f6 Qg2+ 46.Re2 Qg5+ 47.Rde3 g6 48.b5 Rc4 49.Bb4 Rd4+ 50.Ke1 Rd1+  0-1

[Event "Titled Tuesday 23rd Feb"]
[Site "chess.com INT"]
[Date "2021.02.23"]
[Round "7"]
[White "Erdogdu,M"]
[Black "Nakamura,Hi"]
[Result "0-1"]
[WhiteElo "2396"]
[BlackElo "2736"]

1.e4 b6 2.d4 Bb7 3.Bd3 e6 4.Nf3 d5 5.Nbd2 Nf6 6.Qe2 c5 7.c3 Nc6 8.O-O cxd4
9.e5 dxc3 10.exf6 cxd2 11.fxg7 Bxg7 12.Bxd2 Bxb2 13.Bg5 Bf6 14.Qe3 h6 15.Bxh6 Bxa1
16.Rxa1 Qf6  0-1

[Event "Titled Tuesday 23rd Feb"]
[Site "chess.com INT"]
[Date "2021.02.23"]
[Round "8"]
[White "Vallejo Diaz,Ja"]
[Black "Nakamura,Hi"]
[Result "0-1"]
[WhiteElo "2365"]
[BlackElo "2736"]

1.e4 e5 2.Nf3 Nc6 3.Bb5 a6 4.Ba4 g6 5.c3 b5 6.Bb3 Bg7 7.d4 exd4 8.cxd4 Nge7
9.O-O O-O 10.Nc3 Na5 11.Bc2 d6 12.h3 c5 13.Bg5 h6 14.Bh4 Qc7 15.Rc1 Bb7 16.dxc5 dxc5
17.Bg3 Qb6 18.Qd6 Nac6 19.Nd5 Nxd5 20.exd5 Rad8 21.dxc6 Rxd6 22.Bxd6 Bxc6
23.Bxf8 Kxf8 24.b3 Bxf3 25.gxf3 Qf6 26.Be4 Qg5+ 27.Kh1 Qf4 28.Rxc5 Be5 29.Rxe5 Qxe5
30.Rc1 Qb2 31.Rc2 Qe5 32.Kg2 Kg7 33.Rc6 a5 34.Ra6 Qg5+ 35.Kf1 Qd2 36.a4 Qd1+
37.Kg2 Qxb3 38.axb5 Qxb5 39.Ra7 a4 40.Ra8 Qg5+ 41.Kh2 Qc5 42.Kg2 a3 43.Ra6 Qg5+
44.Kh2 Qc1 45.Ra7 Qc5 46.Ra6 Qxf2+ 47.Kh1 Qf1+ 48.Kh2 Qxa6  0-1

[Event "Titled Tuesday 23rd Feb"]
[Site "chess.com INT"]
[Date "2021.02.23"]
[Round "9"]
[White "Nakamura,Hi"]
[Black "Svidler,P"]
[Result "1/2-1/2"]
[WhiteElo "2736"]
[BlackElo "2714"]

1.e4 c5 2.Nf3 d6 3.d4 cxd4 4.Qxd4 Nc6 5.Bb5 Bd7 6.Bxc6 Bxc6 7.Nc3 Nf6 8.Bg5 e6
9.O-O-O Be7 10.Qd3 O-O 11.Nd4 Rc8 12.f4 Qa5 13.Kb1 Rfd8 14.g4 Be8 15.Bxf6 Bxf6
16.g5 Bxd4 17.Qxd4 b5 18.Ne2 b4 19.Ng3 Qc5 20.Qd2 a5 21.Rhe1 a4 22.Re3 d5
23.Rd3 Bb5 24.Rd4 b3 25.cxb3 axb3 26.axb3 Qa7 27.exd5 Ra8 28.Ne4 Qa2+ 29.Kc2 Rdc8+
30.Nc3 Ra3 31.Rb4 Rxb3 32.Rxb3 Ba4 33.Kd3 Qxb3 34.Ra1 Bd7 35.Ke3 exd5 36.Kf2 Qb6+
37.Kg3 Be6 38.Ra3 d4 39.Ne2 h6 40.gxh6 Rd8 41.Rd3 Bf5 42.Rxd4 Qg6+ 43.Kf2 Rxd4
44.Nxd4 Qxh6 45.Kg1 Be4 46.Qe3 Qg6+ 47.Kf2 Qg2+ 48.Ke1 Qh1+ 49.Kd2 Qxh2+
50.Kc3 Qg2 51.b4 Bd5 52.b5 Qa2 53.Kb4 Qc4+ 54.Ka5 Qc7+ 55.b6 Qc5+ 56.Ka6 Qc8+
57.Ka5 Qc5+ 58.Ka6 Qc8+ 59.Ka5 Qc5+  1/2-1/2

[Event "Titled Tuesday 23rd Feb"]
[Site "chess.com INT"]
[Date "2021.02.23"]
[Round "11"]
[White "Nakamura,Hi"]
[Black "Praggnanandhaa,R"]
[Result "1-0"]
[WhiteElo "2736"]
[BlackElo "2608"]

1.e4 c5 2.Nf3 e6 3.d4 cxd4 4.Nxd4 a6 5.Bd3 Bc5 6.Nb3 Ba7 7.O-O Nc6 8.Qe2 Nge7
9.Be3 Bxe3 10.Qxe3 O-O 11.Nc3 d5 12.exd5 exd5 13.Ne2 Bf5 14.Ng3 Bxd3 15.Qxd3 Ng6
16.c3 Nf4 17.Qf3 Qg5 18.Ne2 Ne6 19.Rad1 Rad8 20.Ned4 Rfe8 21.g3 Ne5 22.Qe2 Nc4
23.Qc2 h5 24.Rfe1 h4 25.Nf3 Qg4 26.Nbd4 h3 27.b3 Nxd4 28.Nxd4 Ne5 29.Re3 Nc6
30.Qe2 Qxe2 31.Nxe2 Rxe3 32.fxe3 Ne5 33.Nf4 Ng4 34.Nxh3 Re8 35.Nf4 Rxe3 36.Rd3 Re1+
37.Kg2 f5 38.h3 Nf6 39.Kf3 Re5 40.Ng2 g5 41.Ne3 Kf7 42.c4 dxc4 43.Nxc4 Re7
44.Rd6 Kg6 45.Ne3 Re5 46.Rb6 Rb5 47.Rd6 Kf7 48.Nc4 Ke7 49.Rd4 Rc5 50.Ne3 b5
51.h4 g4+ 52.Ke2 Nh5 53.Kf2 Re5 54.Rd3 Ke6 55.Rc3 Kd6 56.b4 Nf6 57.Ra3 Ne4+
58.Kg2 Kc7 59.h5 Ng5 60.h6 Kb6 61.Rd3 Re6 62.Nxf5 Ne4 63.Re3 Kc6 64.Nd4+  1-0

[Event "Magnus Carlsen Inv Prelim"]
[Site "chess24.com INT"]
[Date "2021.03.13"]
[Round "1.6"]
[White "Nakamura,Hi"]
[Black "Anton Guijarro,D"]
[Result "1/2-1/2"]
[WhiteElo "2736"]
[BlackElo "2673"]

1.e4 e5 2.Nf3 Nc6 3.Bb5 a6 4.Ba4 Nf6 5.O-O Nxe4 6.d4 b5 7.Bb3 d5 8.dxe5 Be6
9.c3 Be7 10.Nbd2 O-O 11.Bc2 f5 12.Nb3 Qd7 13.Nfd4 Nxd4 14.Nxd4 c5 15.Nxe6 Qxe6
16.f3 Ng5 17.Qe2 Rad8 18.Qf2 Qc6 19.Bxg5 Bxg5 20.f4 Be7 21.Rfd1 c4 22.Kh1 Bc5
23.Qf3 Qe6 24.Rd2 Rd7 25.Rad1 Rfd8 26.h3 g6 27.g4 fxg4 28.hxg4 d4 29.cxd4 Rxd4
30.Rxd4 Rxd4 31.Qa8+ Kg7 32.Rxd4 Bxd4 33.Qb7+ Kh8 34.Qa8+ Kg7 35.Qb7+ Kh8
36.Qb8+ Kg7 37.Qb7+  1/2-1/2

[Event "Magnus Carlsen Inv Prelim"]
[Site "chess24.com INT"]
[Date "2021.03.13"]
[Round "2.4"]
[White "Grandelius,N"]
[Black "Nakamura,Hi"]
[Result "0-1"]
[WhiteElo "2670"]
[BlackElo "2736"]

1.e4 e5 2.Nf3 Nc6 3.Bb5 Nf6 4.O-O Nxe4 5.Re1 Nd6 6.Nxe5 Be7 7.Bf1 Nxe5 8.Rxe5 O-O
9.d4 Ne8 10.d5 Bc5 11.Re1 h6 12.Nc3 Nf6 13.h3 Re8 14.Rxe8+ Nxe8 15.Ne4 Bf8
16.Qf3 d6 17.Bd2 g6 18.Re1 Bg7 19.c4 Bf5 20.b3 a5 21.Ng3 Bd7 22.Bd3 b6 23.Qd1 Nf6
24.Qc1 Qf8 25.Ne4 Nxe4 26.Bxe4 Re8 27.Bd3 h5 28.Rxe8 Qxe8 29.Qe1 Qd8 30.Be3 Qf6
31.Qc1 Qe7 32.Bg5 Bf6 33.Bf4 Bd4 34.Qd2 Qf6 35.Kf1 Bc5 36.Kg1 Bf5 37.Bxf5 Qxf5
38.h4 a4 39.bxa4 Qe4 40.Qc1 Qe2 41.Bg3 Qxa2 42.Qc3 Qxa4 43.Kh2 b5 44.cxb5 Qxb5
45.Qf3 Qb2 46.Kh3 Qd4 47.Kh2 Kg7 48.Qb3 Qd2 49.Qf3 Bb6 50.Kh3 Bd4 51.Kh2 Qe1
52.Qf4 Be5 53.Qf3 Qd2 54.Bxe5+ dxe5 55.g3 e4 56.Qxe4 Qxf2+ 57.Kh1 Qxg3 58.Qd4+ Kg8  0-1

[Event "Magnus Carlsen Inv Prelim"]
[Site "chess24.com INT"]
[Date "2021.03.13"]
[Round "3.5"]
[White "Nakamura,Hi"]
[Black "Mamedyarov,S"]
[Result "1/2-1/2"]
[WhiteElo "2736"]
[BlackElo "2770"]

1.e4 e5 2.Nf3 d6 3.d4 exd4 4.Nxd4 Nf6 5.Nc3 g6 6.Bf4 Bg7 7.Qd2 Nc6 8.Nxc6 bxc6
9.Bc4 O-O 10.O-O-O Be6 11.Bb3 Rb8 12.e5 Nd5 13.Nxd5 cxd5 14.Rhe1 dxe5 15.Bxe5 Bxe5
16.Rxe5 c6 17.f4 a5 18.Qe3 Re8 19.h3 Qb6 20.Qxb6 Rxb6 21.c4 a4 22.Bxa4 dxc4
23.Rc5 Ra8 24.Rxc6 Rb4 25.b3 cxb3 26.Bxb3 Bxb3 27.axb3 Ra1+ 28.Kc2 Ra2+ 29.Kc3 Rxf4
30.Rc4 Rff2 31.g4 Rf3+ 32.Rd3 Rxd3+ 33.Kxd3 Rh2 34.b4 Rxh3+ 35.Kd4 h5 36.gxh5 Rxh5
37.Rc5 Rh1 38.b5 Kg7 39.Kd5 f5 40.b6 Rb1 41.Kc6 f4 42.b7 f3 43.Rc3 f2 44.Rf3 Rc1+
45.Kd6 Rb1 46.Kc6 Rc1+ 47.Kd6 Rb1 48.Kc6  1/2-1/2

[Event "Magnus Carlsen Inv Prelim"]
[Site "chess24.com INT"]
[Date "2021.03.13"]
[Round "4.5"]
[White "Nepomniachtchi,I"]
[Black "Nakamura,Hi"]
[Result "1/2-1/2"]
[WhiteElo "2789"]
[BlackElo "2736"]

1.e4 e5 2.Nf3 Nc6 3.Bb5 Nf6 4.O-O Nxe4 5.d4 Nd6 6.Bxc6 dxc6 7.dxe5 Nf5 8.Qxd8+ Kxd8
9.Nc3 Ke8 10.h3 Be6 11.g4 Ne7 12.Nd4 Bd7 13.Re1 h5 14.e6 fxe6 15.Nxe6 Bxe6
16.Rxe6 hxg4 17.hxg4 Kd7 18.Re4 Nd5 19.Nxd5 cxd5 20.Re5 Rh4 21.Rg5 Re8 22.Be3 Re4
23.Rxd5+ Ke6 24.Rad1 Rexg4+ 25.Kf1 Rh1+ 26.Ke2 Rxd1 27.Rxd1 Bd6 28.b3 a5
29.a4 b6 30.Rh1 Rg6 31.Kd3 Rg4 32.Bd4 Be5 33.Be3 Bd6 34.Ke2 Rg6 35.Kf3 Kd5
36.Rh5+ Ke6 37.Ke4 Rg4+ 38.Kd3 Rg1 39.Rh8 Rg4 40.Re8+ Kd5 41.Rd8 Ke6 42.Rh8 Kd5
43.Rh5+ Ke6 44.c3 Be7 45.Rh1  1/2-1/2

[Event "Magnus Carlsen Inv Prelim"]
[Site "chess24.com INT"]
[Date "2021.03.14"]
[Round "7.3"]
[White "Nakamura,Hi"]
[Black "Pichot,A"]
[Result "1-0"]
[WhiteElo "2736"]
[BlackElo "2630"]

1.e4 c5 2.Nf3 e6 3.d4 cxd4 4.Nxd4 Nc6 5.Nc3 Qc7 6.Be3 a6 7.Qf3 Ne5 8.Qg3 b5
9.O-O-O Nf6 10.f4 Neg4 11.Bg1 h5 12.e5 b4 13.Na4 Nd5 14.h3 Nh6 15.f5 Bb7
16.Bd3 Be7 17.Kb1 h4 18.Qe1 Nf4 19.Bh2 Nxd3 20.Rxd3 Qa5 21.fxe6 fxe6 22.b3 O-O
23.Rg1 Rac8 24.g3 Qc7 25.gxh4 Nf5 26.Qe2 Rf7 27.Bg3 a5 28.Nxf5 Rxf5 29.Rd4 Rcf8
30.h5 Bc6 31.h6 Qa7 32.Bf2 Rxf2 33.Rxg7+ Kh8 34.Qd3 R8f5 35.Rxe7 R2f3 36.Qc4 Rf1+
37.Kb2 Qb8 38.Nc5 Qxe5 39.Nxe6 dxe6 40.Rxe6 Qc7 41.Qxc6 Qxc6 42.Rxc6 Rh1
43.Rd8+ Kh7 44.Rd7+  1-0

[Event "Magnus Carlsen Inv Prelim"]
[Site "chess24.com INT"]
[Date "2021.03.14"]
[Round "9.2"]
[White "Nakamura,Hi"]
[Black "Aronian,L"]
[Result "1-0"]
[WhiteElo "2736"]
[BlackElo "2781"]

1.Nf3 d5 2.g3 Nf6 3.Bg2 g6 4.O-O Bg7 5.d4 O-O 6.c4 c6 7.Qb3 Qb6 8.Nc3 Rd8
9.h3 Bf5 10.Bf4 dxc4 11.Qxc4 Nd5 12.Ng5 Qxd4 13.Qb3 Qb6 14.Nxd5 Qxb3 15.Nxe7+ Kf8
16.axb3 Kxe7 17.e4 Be6 18.Nxe6 Kxe6 19.Rfd1 Nd7 20.h4 Nc5 21.Rxd8 Rxd8 22.Bh3+ Ke7
23.Rxa7 Bxb2 24.b4 Nxe4 25.Rxb7+ Kf8 26.Bf1 Rd1 27.Kg2 Nf6 28.b5 Rxf1 29.bxc6 Re1
30.c7  1-0

[Event "Magnus Carlsen Inv KO"]
[Site "chess24.com INT"]
[Date "2021.03.16"]
[Round "1.13"]
[White "Nakamura,Hi"]
[Black "Nepomniachtchi,I"]
[Result "1/2-1/2"]
[WhiteElo "2736"]
[BlackElo "2789"]

1.e4 c5 2.Nf3 e6 3.d4 cxd4 4.Nxd4 Nc6 5.Nc3 a6 6.Nxc6 bxc6 7.Qf3 d5 8.Qg3 f5
9.exf5 exf5 10.Bg5 Be7 11.Bxe7 Qxe7+ 12.Qe3 Qxe3+ 13.fxe3 Nf6 14.Na4 a5 15.Bd3 Rb8
16.a3 Ke7 17.Rb1 Kd6 18.b4 axb4 19.axb4 Re8 20.Kd2 Ng4 21.Rhe1 Nxh2 22.Rh1 Ng4
23.Rxh7 Rb7 24.Rh5 g6 25.Rh3 Rbe7 26.Nb6 Bb7 27.c4 Kc7 28.c5 Nxe3 29.Rg3 Ng4
30.Ra1 Ne5 31.Bf1 f4 32.Rga3 Rd8 33.Ra7 Nc4+ 34.Nxc4 dxc4+ 35.Kc3 Re3+ 36.Kxc4 Kb8
37.R7a3 Rxa3 38.Rxa3 Rd2 39.Rf3 g5 40.g3 fxg3 41.Rxg3 Rd7 42.Bg2 Rg7 43.Kd4 Kc7
44.Ke5 g4  1/2-1/2

[Event "Magnus Carlsen Inv KO"]
[Site "chess24.com INT"]
[Date "2021.03.16"]
[Round "1.11"]
[White "Nakamura,Hi"]
[Black "Nepomniachtchi,I"]
[Result "1-0"]
[WhiteElo "2736"]
[BlackElo "2789"]

1.e4 c5 2.Nf3 d6 3.d4 cxd4 4.Nxd4 Nf6 5.Nc3 a6 6.Be3 Ng4 7.Bc1 Nf6 8.Be3 Ng4
9.Bg5 h6 10.Bh4 g5 11.Bg3 Bg7 12.Qd2 Nc6 13.Nb3 b5 14.h4 gxh4 15.Bxh4 Be6
16.O-O-O Rc8 17.f4 Bxb3 18.cxb3 Qb6 19.Rh3 O-O 20.Kb1 e6 21.f5 exf5 22.exf5 Qd4
23.Qxd4 Bxd4 24.Be2 Ne3 25.Rg3+ Kh7 26.Rxd4 Nxf5 27.Bd3 Nxd4 28.Bf6 Rg8 29.Bxd4 Rxg3
30.Bxf5+ Kg8 31.Bxc8 Rxg2 32.Bxa6 b4 33.Nd5 Rd2 34.Ne7+ Kf8 35.Nf5 h5 36.Bf6 Rf2
37.Bc8 Rf1+ 38.Kc2 Ra1 39.Be7+ Kg8 40.Bxd6 Rxa2 41.Bxb4 Ra8 42.Nd6 Ra1 43.Bc5 h4
44.b4 Rh1 45.Ne4 Re1 46.Nf2  1-0

[Event "Magnus Carlsen Inv KO"]
[Site "chess24.com INT"]
[Date "2021.03.16"]
[Round "1.12"]
[White "Nepomniachtchi,I"]
[Black "Nakamura,Hi"]
[Result "1-0"]
[WhiteElo "2789"]
[BlackElo "2736"]

1.e4 e5 2.Nf3 Nc6 3.Bb5 Nf6 4.O-O Nxe4 5.d4 Nd6 6.Bxc6 dxc6 7.dxe5 Nf5 8.Qxd8+ Kxd8
9.Nc3 Ke8 10.h3 Be6 11.g4 Ne7 12.Nd4 Bd7 13.f4 h5 14.f5 hxg4 15.e6 fxe6 16.fxe6 Bc8
17.Bg5 gxh3 18.Kh2 Ng6 19.Ne4 Rh5 20.Rg1 a6 21.Rad1 Ne7 22.Rdf1 c5 23.Rxf8+  1-0

[Event "Magnus Carlsen Inv KO"]
[Site "chess24.com INT"]
[Date "2021.03.17"]
[Round "1.21"]
[White "Nepomniachtchi,I"]
[Black "Nakamura,Hi"]
[Result "1-0"]
[WhiteElo "2789"]
[BlackElo "2736"]

1.e4 e5 2.Nf3 Nc6 3.Bc4 Bc5 4.c3 Nf6 5.d3 d6 6.O-O h6 7.Re1 O-O 8.Nbd2 a5
9.Nf1 Be6 10.Bb5 Ne7 11.d4 exd4 12.cxd4 Bb6 13.Ng3 d5 14.e5 Ne4 15.Bd3 Nf5
16.Nxe4 dxe4 17.Rxe4 c5 18.Qe2 cxd4 19.Rf4 Qd7 20.Nh4 Nxh4 21.Rxh4 Bd8 22.Rh5 g6
23.Rxh6 Kg7 24.h4 Bf5 25.h5 Rc8 26.Bd2 Bxd3 27.Qxd3 Qf5 28.Qxf5 gxf5 29.Rd6 Re8
30.Re1 Rc2 31.Rxd4 Rxb2 32.Rd7 Kg8 33.h6 Rc2 34.Re3 f4 35.Red3 Bg5 36.Rh3 Rxa2
37.e6 fxe6 38.Bc3 e5 39.Rg7+  1-0

[Event "Magnus Carlsen Inv KO"]
[Site "chess24.com INT"]
[Date "2021.03.17"]
[Round "1.22"]
[White "Nakamura,Hi"]
[Black "Nepomniachtchi,I"]
[Result "0-1"]
[WhiteElo "2736"]
[BlackElo "2789"]

1.e4 c5 2.Nf3 e6 3.d4 cxd4 4.Nxd4 Nc6 5.Nc3 Qc7 6.f4 a6 7.Nb3 b5 8.Bd3 Bb7
9.O-O d6 10.Bd2 Nf6 11.Qf3 Be7 12.Rae1 b4 13.Nd1 a5 14.Nf2 a4 15.Nc1 Nd4
16.Qd1 d5 17.e5 Ne4 18.Ne2 Nf5 19.Kh1 Qb6 20.Nh3 Bh4 21.Bc1 Bxe1 22.Qxe1 O-O
23.Ng3 b3 24.axb3 axb3 25.Ng5 Nfxg3+ 26.hxg3 bxc2 27.f5 exf5 28.Rxf5  0-1

[Event "Titled Tuesday 23rd Mar"]
[Site "chess.com INT"]
[Date "2021.03.23"]
[Round "1"]
[White "Kim,Se"]
[Black "Nakamura,Hi"]
[Result "0-1"]
[WhiteElo "2295"]
[BlackElo "2736"]

1.d4 g6 2.c4 Bg7 3.Nc3 c5 4.e3 Nc6 5.Nf3 Nf6 6.d5 Na5 7.e4 d6 8.Be2 Bg4 9.Nd2 Bxe2
10.Qxe2 O-O 11.O-O a6 12.f4 Nd7 13.e5 dxe5 14.f5 b5 15.cxb5 axb5 16.Qxb5 Rb8
17.Qe2 Nf6 18.Qf3 Rb4 19.Nde4 Nc4 20.Bg5 Rxb2 21.Rad1 Nd6 22.Bxf6 exf6 23.Nxd6 Qxd6
24.Ne4 Qa6 25.d6 Rb4 26.d7 Rd4 27.h3 Rd8 28.Rxd4 cxd4 29.Kh1 Qc6 30.fxg6 hxg6
31.Nxf6+ Qxf6 32.Qxf6 Bxf6 33.Rxf6 Rxd7  0-1

[Event "Titled Tuesday 23rd Mar"]
[Site "chess.com INT"]
[Date "2021.03.23"]
[Round "2"]
[White "Nakamura,Hi"]
[Black "Tin,Jingyao"]
[Result "1-0"]
[WhiteElo "2736"]
[BlackElo "2487"]

1.h3 e5 2.Nf3 e4 3.Nd4 d5 4.d3 Nf6 5.g3 Bc5 6.Nb3 Bb6 7.Bg2 Bf5 8.Nc3 exd3
9.cxd3 O-O 10.O-O c6 11.e4 dxe4 12.dxe4 Be6 13.Na4 Nbd7 14.Nxb6 axb6 15.Qc2 Qe7
16.Re1 h6 17.Nd4 Rfe8 18.b3 Qc5 19.Qb2 Ne5 20.Rd1 Qe7 21.f4 Ned7 22.f5 Nxe4
23.fxe6 Ndf6 24.Bf4 fxe6 25.Be5 Qc5 26.Bxf6 Nxf6 27.Kh2 Qe5 28.Re1 Qh5 29.Nxe6 Re7
30.Nf4 Qf7 31.Rxe7 Qxe7 32.Rd1 Re8 33.Qd2 Qe5 34.Qd4 Qf5 35.Qd2 b5 36.a4 bxa4
37.bxa4 h5 38.Rf1 h4 39.gxh4 Qe5 40.Kh1 Ne4 41.Qa2+ Kh7 42.Qc2 Kg8 43.Qb3+ Kh7
44.Qf3 Nf6 45.Qd3+ Kg8 46.Qb3+ Kh7 47.Qxb7 Ne4 48.Qb1 g6 49.Bxe4 Qxe4+ 50.Ng2 Qxa4
51.Rf7+ Kh6 52.Qc1+  1-0

[Event "Titled Tuesday 23rd Mar"]
[Site "chess.com INT"]
[Date "2021.03.23"]
[Round "3"]
[White "Muradli,Mahammad"]
[Black "Nakamura,Hi"]
[Result "1/2-1/2"]
[WhiteElo "2449"]
[BlackElo "2736"]

1.d4 g6 2.Nf3 Bg7 3.c3 d6 4.e4 Nd7 5.Bd3 e5 6.O-O Ngf6 7.h3 O-O 8.Be3 Re8
9.Nbd2 b6 10.Qc2 Bb7 11.Rfe1 h6 12.a4 a6 13.a5 b5 14.dxe5 Nxe5 15.Nxe5 Rxe5
16.b4 Re8 17.Bd4 Rc8 18.Nb3 Nd7 19.Bxg7 Kxg7 20.c4 bxc4 21.Bxc4 Nf6 22.f3 Qe7
23.b5 Ra8 24.Rec1 d5 25.exd5 Bxd5 26.bxa6 Qe3+ 27.Kh1 Bxc4 28.Qxc4 Nh5 29.Qc3+ Qxc3
30.Rxc3 Rxa6 31.Rxc7 Rea8 32.Rd1 Nf6 33.Kh2 Rb8 34.Rd3 h5 35.h4 Rb4 36.Kh3 Rb5
37.Nc5 Ra8 38.a6 Ne8 39.Rc6 Ra5 40.Rd7 Kg8 41.Rb7 Kg7 42.Ne6+ Kg8 43.Nc7 Nxc7
44.Rcxc7 R5xa6 45.Rxf7 Rd6 46.Rg7+ Kh8 47.Rh7+ Kg8 48.Rbg7+ Kf8 49.Kg3 Rf6
50.Rb7 Kg8 51.Rhc7 Re8 52.Kh3 Ra8 53.Kh2 Re8 54.Ra7 Rd8 55.Kg3 Re8 56.Rg7+ Kf8
57.Rh7 Kg8 58.Kf2 Rd6 59.Rhg7+ Kh8 60.Rh7+ Kg8 61.Rhb7 Rf6 62.Rb3 Rfe6 63.Rb4 R6e7
64.Rxe7 Rxe7 65.Re4 Ra7 66.Ke3 Kg7 67.Kf4 Kf6 68.g3 Ra6 69.Rb4 Rc6 70.g4 hxg4
71.fxg4 g5+ 72.hxg5+ Kg6 73.Re4 Ra6 74.Re5 Ra4+ 75.Kg3 Ra1 76.Rf5 Rg1+ 77.Kf4 Rf1+
78.Ke5 Re1+ 79.Kf4 Rf1+ 80.Ke5 Re1+ 81.Kf4 Rf1+  1/2-1/2

[Event "Titled Tuesday 23rd Mar"]
[Site "chess.com INT"]
[Date "2021.03.23"]
[Round "4"]
[White "Nakamura,Hi"]
[Black "Laxman,R"]
[Result "1-0"]
[WhiteElo "2736"]
[BlackElo "2411"]

1.Nf3 Nf6 2.d4 b6 3.c4 e6 4.g3 Ba6 5.b3 Bb4+ 6.Bd2 Bxd2+ 7.Qxd2 O-O 8.Nc3 d5
9.cxd5 exd5 10.Bg2 Nbd7 11.O-O Re8 12.Rfd1 c6 13.e3 Rc8 14.Rac1 Qe7 15.Qc2 g6
16.Bh3 Rc7 17.Qb2 Nf8 18.Ne5 Bc8 19.Bg2 Be6 20.b4 Rec8 21.a4 Ne8 22.b5 cxb5
23.axb5 Qd6 24.Nc6 a5 25.e4 dxe4 26.Nxe4 Qd7 27.d5  1-0

[Event "Titled Tuesday 23rd Mar"]
[Site "chess.com INT"]
[Date "2021.03.23"]
[Round "5"]
[White "Dang,H"]
[Black "Nakamura,Hi"]
[Result "0-1"]
[WhiteElo "2350"]
[BlackElo "2736"]

1.d4 g6 2.Nc3 Bg7 3.e4 d6 4.Bg5 a6 5.Qd2 b5 6.a4 b4 7.Nd5 a5 8.c3 c6 9.Ne3 Nf6
10.Bd3 Nbd7 11.Ne2 Rb8 12.O-O O-O 13.f4 bxc3 14.bxc3 Nb6 15.f5 Qc7 16.Rf3 d5
17.Bf4 Qb7 18.e5 Ne4 19.Qe1 g5 20.Bxg5 Nxg5 21.Rg3 f6 22.Nf4 Kh8 23.e6 Qc7
24.Rg4 Ra8 25.Qg3 Qd6 26.h4 Bh6 27.hxg5 Bxg5 28.Qh2 Ba6 29.Bxa6 Rxa6 30.Rf1 Ra7
31.Rf3 Rg8 32.Qh5 Raa8 33.Rh3 Rg7 34.g3 Nxa4 35.c4 Nc3 36.c5 Qb8 37.Ng6+ Kg8
38.Rxg5 fxg5 39.Nxe7+ Rxe7 40.f6 Qb1+ 41.Nf1 Rxe6 42.Qxh7+ Qxh7  0-1

[Event "Titled Tuesday 23rd Mar"]
[Site "chess.com INT"]
[Date "2021.03.23"]
[Round "6"]
[White "Nakamura,Hi"]
[Black "Preotu,Razvan"]
[Result "1-0"]
[WhiteElo "2736"]
[BlackElo "2487"]

1.Nf3 c5 2.e4 d6 3.d4 cxd4 4.Qxd4 Nc6 5.Bb5 Bd7 6.Bxc6 Bxc6 7.Nc3 Nf6 8.Bg5 e6
9.O-O-O Be7 10.Qd3 Qa5 11.h4 O-O 12.Nd4 Rac8 13.Kb1 Rfe8 14.f4 a6 15.f5 e5
16.Bxf6 Bxf6 17.Nf3 Red8 18.Rhe1 d5 19.Nxd5 Bxd5 20.exd5 Rc5 21.d6 e4 22.Rxe4 Rb5
23.Nd4 Rd5 24.Qe2 h6 25.c3 R5xd6 26.g4 Bxh4 27.Rh1 Bf6 28.Nf3 Qb5 29.Qxb5 axb5
30.Kc2 Rd3 31.Rf1 R3d5 32.Rfe1 Kh7 33.Rb4 Rd3 34.Rf1 Re3 35.Rxb5 Re2+ 36.Kb3 Rd7
37.a4 Re4 38.Rg1 Rf4 39.Ne5 Bxe5 40.Rxe5 Rd2 41.Rb5 Rd7 42.a5 g6 43.fxg6+ Kxg6
44.c4 f6 45.Kb4 Rf2 46.b3 Rf3 47.Kc5 Rc7+ 48.Kb6 Re7 49.c5 Rf4 50.b4 Kg5
51.c6+  1-0

[Event "Titled Tuesday 23rd Mar"]
[Site "chess.com INT"]
[Date "2021.03.23"]
[Round "7"]
[White "Dubov,Daniil"]
[Black "Nakamura,Hi"]
[Result "0-1"]
[WhiteElo "2710"]
[BlackElo "2736"]

1.c4 e5 2.Nc3 Nf6 3.Nf3 Nc6 4.g3 d5 5.cxd5 Nxd5 6.Bg2 Nb6 7.O-O Be7 8.a3 O-O
9.b4 Be6 10.Rb1 f6 11.b5 Nd4 12.e3 Nxf3+ 13.Bxf3 Qc8 14.d4 Rd8 15.Re1 f5
16.a4 e4 17.Be2 c5 18.bxc6 bxc6 19.Qc2 c5 20.dxc5 Qxc5 21.Bb2 Bf6 22.Rbc1 Qb4
23.Qb1 Rac8 24.a5 Nc4 25.Bxc4 Rxc4 26.Red1 Rb8 27.Ba1 Qxb1 28.Nxb1 Rxc1 29.Rxc1 Bxa1
30.Nd2 Bf6 31.Rc7 Rb2 32.Nf1 h5 33.h4 Kh7 34.Kg2 Ra2 35.Rxa7 Bc4  0-1

[Event "Titled Tuesday 23rd Mar"]
[Site "chess.com INT"]
[Date "2021.03.23"]
[Round "8"]
[White "Nakamura,Hi"]
[Black "Firouzja,Alireza"]
[Result "0-1"]
[WhiteElo "2736"]
[BlackElo "2759"]

1.e4 e5 2.Nf3 Nc6 3.Bb5 Nf6 4.d3 Bc5 5.Bxc6 dxc6 6.Nbd2 Nd7 7.O-O O-O 8.Nc4 f6
9.h4 Re8 10.Be3 b6 11.Bxc5 Nxc5 12.Ne3 Be6 13.h5 a5 14.g3 a4 15.Kg2 Qd7 16.Rh1 Rad8
17.Nh4 Nb7 18.Nhf5 Nd6 19.g4 Nf7 20.Qf3 h6 21.Qg3 c5 22.b3 Ra8 23.f4 exf4
24.Qxf4 Ng5 25.Rhf1 Ra7 26.Rad1 axb3 27.axb3 Ra2 28.Rf2 Bxf5 29.gxf5 Qf7
30.Rh1 Raa8 31.Nd5 Re5 32.Ne3 Rd8 33.Ng4 Ree8 34.Re2 b5 35.Ne3 Ra8 36.Qh2 Ra2
37.Rhe1 Re5 38.Ng4 Re8 39.Ne3 Re5 40.Ng4 Re8 41.Qg3 Rd8 42.Ne3 Re8 43.Nd5 c6
44.Nf4 c4 45.bxc4 bxc4 46.d4 Qd7 47.Qc3 Ra4 48.Ng6 Kh7 49.Kg1 Qa7 50.Kg2 Qc7
51.Re3 Rea8 52.e5 Qd7 53.Rf1 Qd5+ 54.Kh2 Ra2 55.Rf2 Ra1 56.Re1 Rxe1 57.Qxe1 Nf3+
58.Rxf3 Qxf3 59.exf6 Qxh5+ 60.Kg3 Qg5+ 61.Kh2 Qxf5 62.Ne5 Qxc2+ 63.Kg3 gxf6
64.Ng4 Qg6 65.Qe7+ Kh8 66.Kf3 Qf5+ 67.Ke3 Qxg4  0-1

[Event "Titled Tuesday 23rd Mar"]
[Site "chess.com INT"]
[Date "2021.03.23"]
[Round "9"]
[White "Makarian,Rudik"]
[Black "Nakamura,Hi"]
[Result "0-1"]
[WhiteElo "2458"]
[BlackElo "2736"]

1.d4 g6 2.c4 Bg7 3.Nc3 c5 4.d5 Bxc3+ 5.bxc3 Qa5 6.e4 Qxc3+ 7.Bd2 Qg7 8.Bd3 d6
9.Ne2 Nh6 10.Bc3 f6 11.f3 Nf7 12.O-O O-O 13.f4 g5 14.Ng3 gxf4 15.Rxf4 Ne5
16.Be2 Kh8 17.Qd2 Na6 18.Raf1 Bd7 19.Rh4 Rg8 20.Rh5 Raf8 21.Rf4 Rf7 22.Rfh4 Qf8
23.Nf5 Bxf5 24.exf5 Nb8 25.Qe3 Rfg7 26.Bf1 Nbd7 27.Bd2 Qf7 28.Qh3 Nb6 29.Kh1 Nbd7
30.Be2 a6 31.g3 Nb6 32.Bh6 Nbxc4 33.Bxg7+ Rxg7 34.Bxc4 Nxc4 35.Qg2 Ne5 36.Qe4 b5
37.Kg2 Qe8 38.Rh6 c4 39.Qd4 Qc8 40.R4h5 c3 41.Qh4 Qg8 42.Qd4 c2 43.Qc3 Qxd5+
44.Kh3 Qc4 45.Qa5 Qf1+ 46.Kh4 Rg4+  0-1